| 000 | 01123nam a22003257a 4500 | ||
|---|---|---|---|
| 003 | URS | ||
| 005 | 20260216144327.0 | ||
| 008 | 260216b |||||||| |||| 00| 0 eng d | ||
| 020 | _a9786210800319 | ||
| 040 |
_aDLC _beng _cDLC _dURS _erda |
||
| 050 |
_aP 90 _b.C7376 2023 |
||
| 100 | _aPadilla, Mely M. | ||
| 245 |
_aCommunicate and connect purposive communication/ _cMely M. Padilla and 5 others.- |
||
| 264 |
_aMalabon City: _bMutya publishing house, incorporated, _cc2023. |
||
| 300 |
_b237 pages: illustrations ; _c26 centimeters. |
||
| 336 |
_2rdacontent _atext _btxt |
||
| 337 |
_2rdamedia _aunmediated _bn |
||
| 338 |
_2rdacarrier _avolume _bnc |
||
| 504 | _aincludes appendix and authors bibliographic records. | ||
| 546 | _aIn English text. | ||
| 650 | _2Purposive Communication | ||
| 650 | _2Communication- Study and teaching- Philippines | ||
| 650 | _2Public speaking | ||
| 700 | _aDagdag, Lourdes A. | ||
| 700 | _aRoxas, Flordelis R. | ||
| 700 | _aRelacion, April Farell M. | ||
| 700 | _aVillanueva, Haydee D. | ||
| 700 | _aVallejo Juby H. | ||
| 942 |
_2lcc _cF _hP 90 _i.C7376 2023 |
||
| 999 |
_c89375 _d89372 |
||